Latin to English Capital Names - Statistics

General Stats
  • This quiz has been taken 77 times
  • The average score is 9 of 18
Answer Stats
Latin English % Correct
Athēnae Athens
97%
Bonus Āēr Buenos Aires
94%
Londinium London
93%
Lūtētia Paris
74%
Portus Hispāniae Port-of-Spain
69%
Urbs Panamēnsis Panama City
67%
Matritum Madrid
63%
Georgiopolis Georgetown
59%
Pāx La Paz
59%
Bērȳtus Beirut
54%
Hierosolyma Jerusalem
43%
Olisīpō Lisbon
37%
Urbs Sānctī Iācōbī Santiago
36%
Rēgiopolis Kingston / Kingstown
29%
Philadelphīa Amman
20%
Cīvitās Capitis Cape Town
19%
Eblana Dublin
19%
Hafnia Copenhagen
13%
No matching quizzes found
Score Distribution
Percent of People with Each Score
Percentile by Number Answered
Your Score History
You have not taken this quiz